000 00813 a2200277 4500
003 00
005 20171009111524.0
008 171009b xxu||||| |||| 00| 0 eng d
020 _a2-7081-0828-X
037 _b2, Achat
037 _aDe 6894
037 _aDe 6893
040 _aBAUC
_bFre
_cBUC
100 _aBollinger, Daniel
100 _lFr
245 _aLes différences culturelles dans le management : coment chaque pays gère-t-il ses hommes?
_c/ par Daniel Bollinger, Geert Hofstede
260 _aParis :
_bLes Editions d'Organisation,;
_c1992
300 _a268 p.
_bcouv. en coul. ;
_c24cm
500 _aBibliogr. pp. (255-268)
630 _a SCIENCES APPLIQUEES
650 _aEntreprise : gestion
650 _aCulture : idéologie
700 _aHofstede
942 _cLBA
999 _c42089
_d42089